Nghe - Nói - Đọc - Viết tiếng Anh trình độ C

Gardado en:
Detalles Bibliográficos
Autor Principal: Lê, Văn Sư
Formato: Libro
Idioma:Undetermined
Publicado: Hà Nội Văn hóa Thông tin 2004
Những chủ đề:
Các nhãn: Engadir etiqueta
Sen Etiquetas, Sexa o primeiro en etiquetar este rexistro!
Thư viện lưu trữ: Trung tâm Học liệu Trường Đại học Cần Thơ
LEADER 00579nam a2200205Ia 4500
001 CTU_124323
008 210402s9999 xx 000 0 und d
020 |c 40000 
082 |a 428.24 
082 |b S550 
100 |a Lê, Văn Sư 
245 0 |a Nghe - Nói - Đọc - Viết tiếng Anh trình độ C 
245 0 |c Lê Văn Sư 
260 |a Hà Nội 
260 |b Văn hóa Thông tin 
260 |c 2004 
650 |a English language 
650 |x Study and teaching 
904 |i M.Loan 
980 |a Trung tâm Học liệu Trường Đại học Cần Thơ